est__un pays? 2 - Statistiques

Statistiques générales
  • Ce quiz a été pris 309 fois
  • Le résultat moyen est 14 sur 15
Statistiques - réponses
Question Réponse % Correct
Est-ce que Alaska est un pays? Non
99%
Est-ce que Victorie est un pays? Non
98%
Est-ce que L'Europe est un pays? Non
98%
Est-ce que Paris est un pays? Non
98%
Est-ce que Comores est un pays? Oui
98%
Est-ce que Wterflyhighyea est un pays? Non
96%
Est-ce que le Yukon un pays? Non
96%
Est-ce que Antarctique est un pays? Non
95%
Est-ce que Samoa est un pays? Oui
94%
Est-ce que Monaco est un pays? Oui
94%
Est-ce que Vanuatu est un pays? Oui
92%
Est-ce que tonga est un pays? Oui
91%
Est-ce que Sainte-Lucie est un pays? Oui
88%
Est-ce que les étas-unis est un pays? Oui
84%
Est-ce que Sainte-Martin est un pays? Non
72%
Aucun quiz correspondant
Distribution des résultats
% des personnes avec chaque résultat
Percentile par nombre de réponses
Votre historique - résultats
Vous n’avez pas pris ce quiz